[Ferro-carriles : Ley de 14 de Noviembre de 1855 sobre policía de los ferro-carriles] Ley de 14 de Noviembre de 1855 sobre policía de los ferro-carriles]
Descripción Física:
43 p. ; 23 cm
Materias:
Ferrocarrils -- Dret i legislació
MARC
| LEADER | 00000nam a2200000Ia 4500 | ||
|---|---|---|---|
| 001 | 17992 | ||
| 008 | 160829s9999 xx 000 0 cat d | ||
| 080 | |a RF-2-32 | ||
| 100 | |a Espanya. Lleis, etc. |9 23269 | ||
| 245 | |a [Ferro-carriles : |b Ley de 14 de Noviembre de 1855 sobre policía de los ferro-carriles] | ||
| 260 | |a [s.l] : |b [s.n], [185?] | ||
| 300 | |a 43 p. ; |c 23 cm | ||
| 590 | |a Prové de 387, exp. 2. | ||
| 590 | |a Inclou el reglament per a l'execució de la llei. | ||
| 650 | |a Ferrocarrils |x Dret i legislació |9 46611 | ||
| 856 | 4 | |u https://media.diba.cat/diba/fitxers/arxiu/fulletons/bib_17992_baixa.pdf |y Accés lliure | |
| 856 | 4 | |u https://media.diba.cat/diba/fitxers/arxiu/fulletons/bib_17992_baixa.pdf |y Accés lliure | |
| 901 | |a Arxiu | ||
| 942 | |n 1 |2 udc | ||
| 952 | |0 0 |1 0 |4 0 |6 RF232 |7 1 |9 53316 |a Arxiu |b Arxiu |d 2016-12-01 |l 0 |o RF-2-32 |p 17992 |r 2016-12-01 00:00:00 |w 2016-12-01 |y ARXIU | ||
| 999 | |c 57180 |d 57180 | ||
| 900 | |a bib_17992_baixa.pdf | ||